First Frends 2 Class Book

Salvato in:
Dettagli Bibliografici
Autore principale: Iannuzzi, Susan
Natura: Libro
Lingua:English
Pubblicazione: OXFORD 2009
Soggetti:
Tags: Aggiungi Tag
Nessun Tag, puoi essere il primo ad aggiungerne! !
Thư viện lưu trữ: Mạng thư viện Đại học Đà Nẵng
LEADER 00787nam a22002411a 4500
001 000034342
003 10534
005 20151027132117.0
008 151027s2009 000 eng
041 |a eng 
082 |a 420.83  |b IA-S  |2 Class Book 
100 |a Iannuzzi, Susan 
245 |a First Frends 2  |c Susan Iannuzzi  |n Class Book 
260 |a OXFORD  |c 2009 
650 |a First Frends 2 
OWN |a LNN 
AVA |a UDN50  |b LNN  |d 420.83 IA-S  |e available  |t Error 5001 Not defined in file expand_doc_bib_avail.  |f 3  |g 0  |h N  |i 0  |k 1 
999 |a From the UDN01 
AVA |a UDN50  |b LNN  |d 420.83 IA-S  |e available  |t Error 5001 Not defined in file expand_doc_bib_avail.  |f 3  |g 0  |h N  |i 0  |k 1 
TYP |a Monograph 
980 |a Mạng thư viện Đại học Đà Nẵng